Gyógynövény- és növényi hatóanyag-kutatások az SZTE Gyógyszerésztudományi Karának Farmakognóziai Intézetében

Elmentve itt :
Bibliográfiai részletek
Szerzők: Hohmann Judit
Máthé Imre
Dokumentumtípus: Könyv része
Megjelent: 2014
Sorozat:Szegedi egyetemi tudástár
Élő természettudományok
Kulcsszavak:Egyetemtörténet - Szeged, Tudományos kutatás - Szeged, Gyógynövények, Drogismeret, Növénykémia - laboratóriumi technika
Tárgyszavak:
Online Access:http://acta.bibl.u-szeged.hu/35862
LEADER 00930naa a2200217 i 4500
001 acta35862
005 20220126125555.0
008 161017s2014 hu o 0|| hun d
040 |a SZTE Egyetemi Kiadványok Repozitórium  |b hun 
041 |a hun 
100 1 |a Hohmann Judit 
245 1 0 |a Gyógynövény- és növényi hatóanyag-kutatások az SZTE Gyógyszerésztudományi Karának Farmakognóziai Intézetében  |h [elektronikus dokumentum] /  |c  Hohmann Judit 
260 |c 2014 
300 |a 267-280 
490 0 |a Szegedi egyetemi tudástár 
490 0 |a Élő természettudományok 
650 4 |a Orvos- és egészségtudomány 
650 4 |a Általános orvostudomány 
695 |a Egyetemtörténet - Szeged, Tudományos kutatás - Szeged, Gyógynövények, Drogismeret, Növénykémia - laboratóriumi technika 
700 0 1 |a Máthé Imre  |e aut 
856 4 0 |u http://acta.bibl.u-szeged.hu/35862/1/tudastar_004_267-280.pdf  |z Dokumentum-elérés